000 00559nam a2200193Ii 4500
003 JO-AjNU
008 230606s9999||||xx |||||||||||||| ||und||
040 _aJO-AjNU
_beng
_erda
_cJO-AjNU
041 _aeng
050 1 4 _aQA37.2 1962
100 3 _aWIRTZ.ROBERT W ect,
_eauthor
_95828
245 0 0 _aTeacher,s Guide Math workshop
264 3 1 _aAMERICA : ENCYCLOPAEDIA BRITANNICA PRESS,1967
300 _a128P
336 _atext
_btxt
_2rdacontent
337 _aunmediated
_bn
_2rdamedia
338 _avolume
_bnc
_2rdacarrier
650 4 _aMath-workshop
_95829
999 _aE3023
_c3020
_d3020